Odas, epístolas y tragedias / (Record no. 102183)

MARC details
000 -LEADER
campo de control de longitud fija 01507nam a2200349 i 4500
001 - NÚMERO DE CONTROL
campo de control 102183
003 - IDENTIFICADOR DE NÚMERO DE CONTROL
campo de control ES-MaACL
005 - FECHA Y HORA DE LA ÚLTIMA TRANSACCIÓN
campo de control 20251106130743.0
007 - CAMPO FIJO DE DESCRIPCIÓN FÍSICA--INFORMACIÓN GENERAL
campo de control de longitud fija t|
008 - DATOS DE LONGITUD FIJA--INFORMACIÓN GENERAL
campo de control de longitud fija 051107s1906 sp |||| | spa d
100 1# - ENTRADA PRINCIPAL--NOMBRE DE PERSONA
Nombre de persona Menéndez y Pelayo, Marcelino,
Fechas asociadas al nombre 1856-1912
9 (RLIN) 80332
245 14 - MENCIÓN DEL TÍTULO
Título Odas, epístolas y tragedias /
Mención de responsabilidad, etc. de D. Marcelino Menéndez y Pelayo ; con una introducción de D. Juan Valera [y Alcalá Galiano].
250 ## - MENCION DE EDICION
Mención de edición 2ª ed.
260 ## - PUBLICACIÓN, DISTRIBUCIÓN, ETC.
Lugar de publicación, distribución, etc. Madrid :
Nombre del editor, distribuidor, etc. [s.n.],
Fecha de publicación, distribución, etc. 1906 (
Fabricante Imp. de la Viuda e Hijos de M. Tello)
300 ## - DESCRIPCIÓN FÍSICA
Extensión LXXXV, 328, 12 p. ;
Dimensiones 17 cm.
490 1# - MENCIÓN DE SERIE
Mención de serie Colección de escritores castellanos ;
Designación de volumen o secuencia 5
490 1# - MENCIÓN DE SERIE
Mención de serie Obras completas de D. Marcelino Menéndez y Pelayo
505 8# - NOTA DE CONTENIDO CON FORMATO
Nota de contenido con formato Contiene: Introducción . Odas y epístolas ; Dos tragedias de Esquilo: Los siete sobre Tebas; Prometeo encadenado ; El Oaristys . Apéndice . Poesías añadidas en esta edición
530 ## - NOTA DISPONIBLE DE FORMULARIO FÍSICO ADICIONAL
Nota de formato físico adicional disponible Disponible en formato digital.
700 0# - ENTRADA AGREGADA--NOMBRE PERSONAL
Nombre de persona Esquilo.
9 (RLIN) 47970
700 1# - ENTRADA AGREGADA--NOMBRE PERSONAL
Nombre de persona Valera, Juan,
Fechas asociadas al nombre 1824-1905
9 (RLIN) 112638
700 1# - ENTRADA AGREGADA--NOMBRE PERSONAL
Nombre de persona Alcalá Galiano, Antonio,
Fechas asociadas al nombre 1789-1865
9 (RLIN) 19459
740 42 - ENTRADA AGREGADA--TÍTULO RELACIONADO/ANALÍTICO NO CONTROLADO
Título relacionado o analítico no controlado Los siete sobre Tebas.
740 02 - ENTRADA AGREGADA--TÍTULO RELACIONADO/ANALÍTICO NO CONTROLADO
Título relacionado o analítico no controlado Prometeo encadenado.
740 32 - ENTRADA AGREGADA--TÍTULO RELACIONADO/ANALÍTICO NO CONTROLADO
Título relacionado o analítico no controlado El Oaristys.
830 1# - PUNTO DE ACCESO ADICIONAL DE SERIE-TÍTULO UNIFORME
Título uniforme Colección de escritores castellanos ;
Designación de volumen o secuencia 5
9 (RLIN) 180741
830 10 - PUNTO DE ACCESO ADICIONAL DE SERIE-TÍTULO UNIFORME
Título uniforme Obras completas de M. Menéndez y Pelayo
9 (RLIN) 221933
852 ## - LOCALIZACIÓN
Ubicación ES-MaACL
Número de control de estantería F-12641
Ubicación en estantería Sala Pecera Planta 2
856 4# - LOCALIZACIÓN Y ACCESO ELECTRÓNICOS
Identificador Uniforme de Recursos <a href="http://bdh-rd.bne.es/viewer.vm?id=0000231869&page=1 ">http://bdh-rd.bne.es/viewer.vm?id=0000231869&page=1 </a>
Texto de enlace (Biblioteca Digital Hispánica)
942 ## - ELEMENTOS DE ENTRADA SECUNDARIOS (KOHA)
Fuente del sistema de clasificación o colocación Clasificación decimal universal
Holdings
Estatus retirado Estado de pérdida Estado de daño No para préstamo Colección Biblioteca de origen Biblioteca actual Ubicación en estantería Fecha de adquisición Fuente de adquisición Total de préstamos Signatura topográfica completa Código de barras Visto por última vez Precio de reemplazo Tipo de ítem Koha
        Colección digital Biblioteca del Ateneo de Madrid Biblioteca del Ateneo de Madrid Sala Pecera Planta 2 17/01/2008     F-12641 1106669 23/02/2023 23/02/2023 Libro impreso